| 000 | 00000nam##2200000za#4500 |
| 001 | 9.581626 |
| 003 | CaOODSP |
| 005 | 20231208112833 |
| 007 | cr ||||||||||| |
| 008 | 150406|2011||||xxc|||||o f|0| 0 eng|d |
| 040 | |aCaOODSP|beng |
| 043 | |an-cn--- |
| 086 | 1 |aPS83-5/R249E-PDF |
| 110 | 1 |aCorrectional Service Canada. |bResearch Branch. |
| 245 | 10|aSelf-injurious behaviour in federally sentenced women : |h[electronic resource]|ban archival study / |cprepared by : Amelia Usher & Jenelle Power. |
| 260 | |aOttawa - Ontario : |bCorrectional Service Canada. |cAugust 2011. |
| 300 | |a1p. |
| 490 | 1 |aResearch at a glance|vR-249 |
| 590 | |a15-05-Supp|b2015-03-31 |
| 690 | 07|aInmates|2gcpds |
| 690 | 07|aMental health|2gcpds |
| 690 | 07|aSuicide|2gcpds |
| 775 | 08|tComportements d'automutilation chez les femmes purgeant une peine de ressort fédéral : |w(CaOODSP)9.608395 |
| 830 | #0|aResearch at a glance (Correctional Service Canada)|vR-249|w(CaOODSP)9.506649 |
| 856 | 40|ahttp://publications.gc.ca|qPDF|s90 KB|uhttps://publications.gc.ca/collections/collection_2015/scc-csc/PS83-5-R249-eng.pdf|yR-249 |